000 01142nam a2200325 i 4500
003 EG-GICUC
005 20260427130424.0
008 260427s1965 -usa|||fr|||| 001 0 eng d
040 _aEG-GiCUC
_beng
_cEG-GiCUC
_dEG-GiCUC
_erda
041 0 _aeng
082 0 4 _221
_a343.6
_bNA . I
092 0 4 _221
099 _aLaw1 10 343 NA . I 1965
110 2 _kNational Clearinghouse For Mental Health Information
_eAuthor.
245 1 0 _aInternational Bibliography On Crime And Delinquency.
_nVOL. 3, NO. 2 /
_cNational Clearinghouse For Mental Health Information
264 1 _aMaryland :
_bU.s. Department Of Health, Education, And WelfarePublic Health Service,
_c1965.
300 _aunnumbered pages ,
_c24 cm
_billustrations,
336 _2rda content
_atext
337 _2rda media
_aComputer
338 _2rda carrier
_aOnline Resource
500 _a July 1965
500 _aIncludes index.
504 _aBibliography: pages 200-250.
546 _aText in English
650 1 _aCriminal law
_2qrmak
651 1 _2qrmak
856 4 0 _uhttps://fll.law.cu.edu.eg/fulltext/bks/B10-12009.pdf
905 _a48
942 _2ddc
_n0
_cBK
_e21
999 _c73692
_d73692